Understandable Statistics (Record no. 4949)

MARC details
005 - DATE AND TIME OF LATEST TRANSACTION
control field 20250625080539.0
020 ## - INTERNATIONAL STANDARD BOOK NUMBER
International Standard Book Number 978-0-618-80220-3
082 ## - DEWEY DECIMAL CLASSIFICATION NUMBER
Classification number 519BRA
100 ## - MAIN ENTRY--PERSONAL NAME
Author name BRASE, C. H.
245 ## - TITLE STATEMENT
Title Understandable Statistics
250 ## - EDITION STATEMENT
Edition statement 8th Ed.
260 ## - PUBLICATION, DISTRIBUTION, ETC.
Place of publication, distribution, etc. New York,
Name of publisher, distributor, etc. Houghton Mifflin Company
Date of publication, distribution, etc. 2005
300 ## - PHYSICAL DESCRIPTION
Extent ix, 807p.; ill.; figure, table, picture
Other physical details Index
Dimensions 24cm
700 ## - ADDED ENTRY--PERSONAL NAME
Other authors/Editors BRASE, C. P.
942 ## - ADDED ENTRY ELEMENTS (KOHA)
Source of classification or shelving scheme Dewey Decimal Classification
Koha item type Books
Holdings
Date last seen Total checkouts Full call number Barcode Cost, replacement price Price effective from Koha item type Lost status Source of classification or shelving scheme Damaged status Not for loan Withdrawn status Home library Current library Shelving location Date acquired Cost, normal purchase price
06/25/2025   519.5 BRA DOM000948 150000.00 06/25/2025 Books   Dewey Decimal Classification       CBE Dodoma CBE Dodoma General Collection 07/24/2017 50000.00